الحياة العاطفية بين العذرية والصوفية: دراسات نقد ومقارنة حول موضوع ليلى والمجنون فى الادبين العربى والفارسى (Record no. 43064)
[ view plain ]
| 000 -الفاتح | |
|---|---|
| حقل البيانات ثابتة الطول | 00664nam a2200181Ia 4500 |
| 008 - عناصر البيانات ثابتة الطول - معلومات عامة | |
| حقل البيانات ثابتة الطول | 140319s9999 xx 000 0 ara d |
| 040 ## - مصدر الفهرسة | |
| وكالة الفهرسة الأصلية | GCL / |
| وكالة النسخ | GCL |
| 082 04 - رقم تصنيف ديوى العشرى | |
| رقم التصنيف | 811.009 |
| رقم المادة | م ح |
| 245 10 - بيان العنوان | |
| العنوان | الحياة العاطفية بين العذرية والصوفية: دراسات نقد ومقارنة حول موضوع ليلى والمجنون فى الادبين العربى والفارسى |
| 300 ## - الوصف المادى | |
| التعداد | 311 ص |
| 490 ## - بيان السلسلة | |
| عنوان السلسلة | من مسائل الادب المقارن |
| رقم المجلد/ التعيين التسلسلي | 0 |
| 650 04 - المدخل الاضافى بالموضوع-مصطلح موضوعى | |
| مصطلح موضوعي | الشعر العربى |
| 650 04 - المدخل الاضافى بالموضوع-مصطلح موضوعى | |
| مصطلح موضوعي | الادب العربى |
| 650 04 - المدخل الاضافى بالموضوع-مصطلح موضوعى | |
| مصطلح موضوعي | العصر الجاهلى |
| 650 04 - المدخل الاضافى بالموضوع-مصطلح موضوعى | |
| مصطلح موضوعي | تاريخ ونقد |
| 942 ## - عناصر المدخل الإضافي( كوها) | |
| مصدر التصنيف او مخطط الترفيف | Dewey Decimal Classification |
| Koha [default] item type | كتاب |
| حالة التراجع | حالة الفقد | حالة تلف | ليس للاعارة | المكان المؤقت | الموقع الحالى | تاريخ الاكتساب | اجمالي اﻻعارات | رقم الطلب | الباركود | تاريخ اخر مشاهدة | تاريخ تفعيل السعر | نوع وعاء كوها | مصدر التصنيف او خطة الترفيف |
|---|---|---|---|---|---|---|---|---|---|---|---|---|---|
| مكتبة القاهرة الكبرى | مكتبة القاهرة الكبرى | 03/26/2014 | 811.009\م ح | 104143 | 03/26/2014 | 03/26/2014 | كتاب | ||||||
| مكتبة القاهرة الكبرى | مكتبة القاهرة الكبرى | 03/26/2014 | 811.009\م ح | 104144 | 03/26/2014 | 03/26/2014 | كتاب | ||||||
| مكتبة القاهرة الكبرى | مكتبة القاهرة الكبرى | 03/26/2014 | 811.009\م ح | 104145 | 03/26/2014 | 03/26/2014 | كتاب | ||||||
| مكتبة القاهرة الكبرى | مكتبة القاهرة الكبرى | 07/13/2019 | 811.009\م ح | 166116 | 07/13/2019 | 07/13/2019 | كتاب | ddc | |||||
| مكتبة القاهرة الكبرى | مكتبة القاهرة الكبرى | 07/13/2019 | 811.009\م ح | 166117 | 07/13/2019 | 07/13/2019 | كتاب | ddc | |||||
| مكتبة القاهرة الكبرى | مكتبة القاهرة الكبرى | 07/13/2019 | 811.009\م ح | 166118 | 07/13/2019 | 07/13/2019 | كتاب | ddc |

